000 01732nam a22002177a 4500
003 DO-SdBJH
005 20250807144502.0
008 250807b |||||||| |||| 00| 0 spa d
020 _a9788418708534
040 _aDO-SdBJH
_bspa
_cDO-SdBJH
082 _a870 G861 2021
100 _aGrimal, Pierre
245 _a Los placeres de la literatura latina /
_cPierre Grimal
260 _aMadrid :
_bSiruela,
_c2021
300 _a140 páginas
490 _aBiblioteca de Ensayo. Serie Mayor,
_v119
504 _aIncluye referencias bibliográficas e índice
520 _aEsta pequeña joya de Pierre Grimal aumenta la pasión por los autores latinos, su lectura es uno de los placeres de la vida». Emilio del Río La literatura latina es, esencialmente, la de la historia de Roma; una literatura rica en espíritu civil que, desde la época republicana y conquistadora hasta el triunfante periodo imperial, se esforzó siempre por definir los valores fundamentales sobre los que se asentaba la afirmación de su cultura. De la prosa literaria a la poesía moral y el teatro, de la era augusta a la de los rétores; La identidad esencial de la literatura latina vertebra este delicioso y apasionante recorrido en el que Pierre Grimal, uno de los más destacados divulgadores de la civilización romana, recorre con sabiduría los meandros de las brillantes personalidades individuales ;Virgilio, Horacio, Ovidio, Séneca, Petronio, Tácito, Lucilio, Terencio o Cicerón;, vinculándolos oportunamente con las grandes corrientes ligadas al destino político y espiritual de una de las más esplendorosas civilizaciones de la historia de la humanidad. Otros libros de Grimal
650 _aLiteratura latina
942 _2ddc
_cBK
_z3
999 _c8391
_d8391